| 000 | 00586nam a2200169Ia 4500 | ||
|---|---|---|---|
| 003 | GCL | ||
| 008 | 140319s9999 xx 000 0 ara d | ||
| 040 |
_aGCL / _cGCL |
||
| 082 | 0 | 4 |
_a347 _bم ش |
| 100 | 1 | _aمحمد عزمى البكر | |
| 245 | 1 | 0 |
_aشرح قانون المبانى الجديد من الناحيتين المدنية والجنائية / _cمحمد عزمى البكر |
| 260 |
_a[S.N] : _bدار الوفاء للطباعة والنشر والتوزيع ، _c1988 |
||
| 300 | _a546 ص | ||
| 490 | _a | ||
| 650 | 0 | 4 | _aالقانون المدنى |
| 942 |
_2ddc _cBK |
||
| 999 |
_c47845 _d47845 |
||